Improving the energy efficiency of our buildings (Record no. 114848)

MARC details
000 -LEADER
fixed length control field 01342cad a22002415a 4500
001 - CONTROL NUMBER
control field L157578
008 - FIXED-LENGTH DATA ELEMENTS--GENERAL INFORMATION
fixed length control field 130129s2012 xxk f 000 0 eng d
035 ## - SYSTEM CONTROL NUMBER
System control number (Sirsi) u157578
041 0# - LANGUAGE CODE
Language code of text/sound track or separate title eng
110 2# - MAIN ENTRY--CORPORATE NAME
Corporate name or jurisdiction name as entry element United Kingdom
Subordinate unit Department for Communities and Local Government
9 (RLIN) 4939
245 #0 - TITLE STATEMENT
Title Improving the energy efficiency of our buildings
Remainder of title A guide to energy performance certificates for the construction, sale and let of non-dwellings
Medium [electronic resource]
260 ## - PUBLICATION, DISTRIBUTION, ETC.
Place of publication, distribution, etc. London
Name of publisher, distributor, etc. DCLG
Date of publication, distribution, etc. 2012
520 ## - SUMMARY, ETC.
Summary, etc. Guidance on how the Energy Performance of Buildings (England and Wales) Regulations 2012 and the EU Directive on which the regulations are based work in practice. Intended to help, sellers, landlords, business managers and occupiers, builders and their agents and buyers and tenants of non dwellings.
590 ## - LOCAL NOTE (RLIN)
Local note KA
650 24 - SUBJECT ADDED ENTRY--TOPICAL TERM
Topical term or geographic name entry element EU DIRECTIVE 2010/31/EU
650 24 - SUBJECT ADDED ENTRY--TOPICAL TERM
Topical term or geographic name entry element ENERGY PERFORMANCE OF BUILDINGS (ENGLAND AND WALES) REGULATIONS 2012
651 #4 - SUBJECT ADDED ENTRY--GEOGRAPHIC NAME
Geographic name ENGLAND AND WALES
690 ## - LOCAL SUBJECT ADDED ENTRY--TOPICAL TERM (OCLC, RLIN)
Topical term or geographic name as entry element Energy
9 (RLIN) 6237
690 ## - LOCAL SUBJECT ADDED ENTRY--TOPICAL TERM (OCLC, RLIN)
Topical term or geographic name as entry element Sustainability
9 (RLIN) 6271
690 ## - LOCAL SUBJECT ADDED ENTRY--TOPICAL TERM (OCLC, RLIN)
Topical term or geographic name as entry element Environment
9 (RLIN) 6238
856 40 - ELECTRONIC LOCATION AND ACCESS
Uniform Resource Identifier <a href="https://www.gov.uk/government/uploads/system/uploads/attachment_data/file/50268/A_guide_to_energy_performance_certificates_for_the_construction_sale_and_let_of_non-dwellings.pdf">https://www.gov.uk/government/uploads/system/uploads/attachment_data/file/50268/A_guide_to_energy_performance_certificates_for_the_construction_sale_and_let_of_non-dwellings.pdf</a>
Public note View the guidance free of charge at www.gov.uk
942 ## - ADDED ENTRY ELEMENTS (KOHA)
Suppress in OPAC 0
Holdings
Withdrawn status Lost status Source of classification or shelving scheme Damaged status Not for loan Home library Current library Shelving location Date acquired Total Checkouts Full call number Barcode Date last seen Copy number Price effective from Koha item type
    Dewey Decimal Classification     Virtual Virtual Online 29/01/2013   ONLINE PUBLICATION 157578-2001 06/08/2019 1 06/08/2019 Book